000 00605nam a2200241Ia 4500
005 20260430150334.0
008 008 250103s9999 xx 000 0 eng d
037 _aTheses
040 _aCRL
040 _beng
040 _ceng
041 _2eng
041 _aeng
084 _qCRL
100 _aGarg Ankush Au.; Ghosh Parikshit Gu.
_91237192
245 0 _aEssays on the Theory of Voting
260 _c2023
300 _a62p.
650 _aEconomics
700 _aUniversity of Delhi. Faculty of Social Sciences. Deptt. of Economics
_91237187
942 _cTH
999 _c1849548
_d1849548